000 00435nam a2200181Ia 4500
001 1286
005 20260306140621.0
008 260306t2013||||xx |||||||||||||| ||spa||
041 _aESP
082 _a193
_bC75 T. 2
100 _aColomer, Eusebi
_eAUT
245 0 _aEl pensamiento alemán de Kant a Heidegger
260 _c2013
300 _a449 páginas :
_c22 cm.
650 _aGEN
654 _aCHU
942 _cLIB
_dJUS
_fJUS
_2ddc
_n
999 _c1286
_d1286